Quiz sur l'Égypte - Statistiques

Statistiques générales
  • Ce quiz a été pris 20 171 fois
  • Le résultat moyen est 14 sur 25
Statistiques - réponses
Question Réponse % Correct
Quelle est la capitale de l'Égypte ? Le Caire
99%
Au long de quel fleuve vivent la majorité des égyptiens ? Nil
94%
Quel est le nom du canal reliant les mers Rouge et Méditerranée ? Canal de {Suez}
89%
Quelle est la langue officielle de l'Égypte ? Arabe
88%
Quelle dirigeante égyptienne fut l'amante de Jules César et de Marc-Antoine ? Cléopâtre VII
81%
Quel monument célèbre possède un corps de lion et une tête humaine ? Le Sphinx
80%
Quelle est la deuxième ville la plus peuplée d'Égypte ? Alexandrie
77%
Quel système d'écriture, basé sur des symboles, était utilisé dans l'Égypte antique ? Hiéroglyphes
75%
Quel matériau semblable au papier a été inventé par les égyptiens antiques ? Papyrus
74%
Quelle titre était porté par les dirigeants de l'Égypte antique? Pharaon
74%
Quel était le nom du dieu égyptien du Soleil ?
73%
À quel jeune dirigeant appartient le célèbre sarcophage découvert en 1922 ? Toutânkhamon
65%
Dans quelle ville peut-on trouver la Pyramide de Khéops ? Gizeh
56%
Quelle pierre, découverte en 1799, a permis de déchiffrer ces symboles ? Pierre de {Rosette}
49%
Quel dirigeant a régné sur l'Égypte pendant 66 ans, à partir de 1279 avant J.-C. ? Ramsès II
46%
Quelle péninsule égyptienne, située en Asie, était israélienne de 1967 à 1982 ? Sinaï
41%
Quelle déesse antique était vue comme la mère parfaite ? Isis
40%
Quelle capitale antique a donné son nom à une ville actuelle du Tennessee ? Memphis
40%
Quelle ethnie égyptienne a pour religion le christianisme ? Coptes
34%
Quelle ville majeure était connue sous le nom de Thèbes durant l'Antiquité ? Louxor
34%
Quel barrage majeur situé sur ce fleuve a été inauguré 1970 ? Haut barrage d'{Assouan}
32%
Quel président a été renversé par cette révolte, après 30 ans de pouvoir ? Hosni Moubarak
20%
Quel président pacifiste a été assassiné en 1981 ? Anouar el-Sadate
18%
Quelle place fut le principal théâtre des manifestations du Printemps Arabe en 2011 ? Place {Tahrir}
12%
Quel égyptien antique est vu comme le premier architecte et médecin de l'Histoire ? Imhotep
11%
Aucun quiz correspondant
Distribution des résultats
% des personnes avec chaque résultat
Percentile par nombre de réponses
Votre historique - résultats
Vous n’avez pas pris ce quiz